Prezydenci miast w woj. pomorskim - Statystyki

Ogólne statystyki
  • Ten quiz został rozwiązany 4 razy
  • Średni wynik to 4 z 7
Statystyki odpowiedzi
Miasto Prezydent % Poprawnych
Gdańsk Aleksandra Dulkiewicz
100%
Gdynia Aleksandra Kosiorek
100%
Słupsk Krystyna Danilecka-Wojewódzka
50%
Wejherowo Krzysztof Hildebrandt
50%
Sopot Magdalena Czarzyńska-Jachim
50%
Starogard Gdański Janusz Stankowiak
0%
Tczew Łukasz Brządkowski
0%
Nie znaleziono quizów pasujących do podanych kryteriów
Rozkład punktacji
Procent ludzi z każdym wynikiem
Percentyl według liczby udzielonych odpowiedzi
Twoja historia wyników
Nie rozwiązałeś tego quizu